| 000 | 01054nam a2200229 i 4500 | ||
|---|---|---|---|
| 001 | bg | ||
| 100 | 1 | _aBORYS, Franciszek | |
| 245 | 1 | 0 |
_aMetodyczne aspekty podejmowania i zarządzania realizacją przedsięwzięć gospodarczych / _cFranciszek Borys. |
| 260 |
_aWrocław : _bOficyna Wydawnicza PW, _c1999. |
||
| 300 |
_a93, [3] s. : _bil. ; _c24 cm. |
||
| 490 | 1 |
_aPrace Naukowe Instytutu Organizacji i Zarządzania Politechniki Wrocławskiej. Monografie = _aScientific Papers of the Institute of Industrial Engineering and Management of the Wrocław University of Technology. Monographs, _x0324-9492 ; _v31 |
|
| 500 | _aTyt. równol.: Methods of undertaking enterprises and management in the company. - Nr serii gł.: 69. | ||
| 500 | _aStreszcz. ang. | ||
| 504 | _aBibliogr. | ||
| 650 | 9 |
_aZarządzanie _xmetody |
|
| 830 | 0 |
_aPrace Naukowe Instytutu Organizacji i Zarządzania Politechniki Wrocławskiej. _pMonografie ; _v31 |
|
| 040 | _cBPK | ||
| 041 | 0 |
_apl _ben |
|
| 080 | _a65.012.4 | ||
| 942 | _cKS | ||
| 008 | s pl f |000 0 pol | ||
| 999 |
_c38880 _d38880 |
||
| 856 |
_uhttp://koha.tu.koszalin.pl/cgi-bin/koha/opac-detail.pl?biblionumber=38880 _yKatalog online BPK |
||